[Event "London Classic 7th"]
[Site "London"]
[Date "2015.12.06"]
[Round "3"]
[White "Anand, Viswanathan"]
[Black "Carlsen, Magnus"]
[Result "1/2-1/2"]
[WhiteElo "2803"]
[BlackElo "2850"]
[Annotator "Roiz,Michael"]
[PlyCount "111"]
[EventDate "2015.12.04"]
[EventType "tourn"]
[EventRounds "9"]
[EventCountry "ENG"]
[EventCategory "22"]
[SourceTitle "CBM 170"]
[Source "ChessBase"]
[SourceDate "2016.01.15"]
[SourceVersion "1"]
[SourceVersionDate "2016.01.15"]
[SourceQuality "1"]

1. e4 e5 2. Nf3 Nc6 3. Bb5 Nf6 4. O-O Nxe4 5. d4 Nd6 6. Bxc6 dxc6 7. dxe5 Nf5 8. Qxd8+ Kxd8 9. Nc3 Ke8 10. h3 Be6 11. Rd1 ({RR} 11. g4 Ne7 12. Nd4 Bd7 13. Re1 h5 14. e6 fxe6 15. Nxe6 Bxe6 16. Rxe6 Kd7 17. Re2 hxg4 18. hxg4 Ng6 19. Bg5 Bd6 20. Ne4 Rh7 21. Nxd6 cxd6 22. f4 Rah8 23. Rae1 c5 24. a4 a6 25. Rg2 Rh3 {Caruana,F (2829)-Nakamura,H (2775) London 2014 ½-½ (81)}) 11... Bc5 $146 {Magnus chooses a somewhat dubious, but unexplored theoretical continuation. This position had been seen in only 1 game before.} ({The most common alternatives are} 11... Bb4 12. Ne2 Bd5 13. Ned4 Nxd4 14. Nxd4 Rd8 15. Bd2 (15. Be3 $5) 15... Bc5 16. Nf5 Bf8 17. Be3 b6 18. f3 Be6 19. g4 Rd5 $11 {1/2 Vachier Lagrave,M (2722)-Fressinet,L (2698)/Caen 2011}) ({and} 11... h6 12. b3 Rd8 13. Bb2 Bb4 14. Ne2 Bd5 15. Nfd4 Be4 16. c4 Nxd4 17. Nxd4 Ke7 18. f3 Bg6 $11 {1/2 Hou Yifan (2671)-Mamedyarov,S (2736)/Baku AZE 2015}) ({RR} 11... Bb4 12. Ne2 Bd5 13. Nfd4 Nxd4 14. Nxd4 h6 15. Be3 a5 16. a3 Be7 17. Rac1 g5 18. c4 Be6 19. g4 a4 20. Nxe6 fxe6 21. c5 Ra5 22. Rc4 Rf8 23. Rd2 Rf3 24. Kg2 Rxe3 25. fxe3 Bxc5 26. Kf3 {Zagrebelny,S (2480)-Galego,L (2425) Elista 1998 1-0 (56)}) ({RR} 11... h6 12. Ne2 Bd5 13. Ned4 Bxf3 14. Nxf3 Bc5 15. Bf4 g5 16. Bh2 Ng7 17. Nd2 Ne6 18. Ne4 Rd8 19. c3 a5 20. Ng3 Nf4 21. Ne4 Ne6 22. Ng3 Rd5 23. Ne4 Ke7 24. Nf6 Rxd1+ 25. Rxd1 Rd8 26. Rxd8 {Jiang,T (2081)-Zhai Mo (2369) Hohhot CHN 2024 1-0 (52)}) ({RR} 11... Bb4 12. Ne2 Bd5 13. Nfd4 Nxd4 14. Nxd4 Rd8 15. Be3 a6 16. Rac1 Be4 17. c3 {½-½ (17) Motylev,A (2705)-Iordachescu,V (2621) Rijeka 2010}) 12. g4 $1 $146 {This natural advance is a novelty. It definitely makes sense to make progress on the kingside as soon as possible.} ({In the preceding game Black didn't experience any problems after} 12. Bf4 h6 13. a3 Rd8 $11 {Parma,B-Bisguier,A/Caracas 1970}) 12... Ne7 13. Ng5 Bd5 ({It looks like} 13... Ng6 {doesn't fully solve the problems either:} 14. Kg2 $1 ({After} 14. Nce4 Be7 15. Nxe6 fxe6 16. f4 Rf8 17. Rf1 Rd8 18. Be3 b6 19. Kg2 {White's position is more pleasant, but it would bew very difficult to make any progress}) 14... Be7 (14... h5 15. Nxe6 fxe6 16. f4 Rf8 17. Ne4 Be7 18. Rf1 Rd8 19. Be3 $14) 15. Nxe6 fxe6 16. f4 Rf8 17. Ne2 Rd8 18. Be3 $14) 14. Nge4 ({The following line} 14. Nxd5 $5 cxd5 15. e6 f6 16. Nf7 Rf8 17. Bf4 Rc8 18. Rd3 $14 {looks somewhat scary for White - the f7 has no vacant squares. However, Black's position is very passive here, so it was an option worth considering.}) 14... Bb6 {Black experiences some problems with connecting the rooks.} 15. Kg2 {Vishy doesn't hurry with any ''drastic'' decisions.} ({A more energetic way of handling the position was} 15. a4 $5 a5 16. Nxd5 cxd5 17. Ng3 $14) 15... Rd8 16. Bf4 ({For some reason, Anand rejected the most natural} 16. Kg3 Ng6 17. f4 {, though White's position looks quite attractive here. For instance,} h5 18. Nxd5 Rxd5 19. Bd2 $14) 16... Ng6 17. Bg3 h5 ({The immediate attempt to connect the rooks is dubious:} 17... Ke7 $6 18. f4 $1 Rhe8 19. Nxd5+ cxd5 20. Nc3 d4 21. Ne4 $16) 18. f4 hxg4 19. hxg4 {One of Black's rooks has a job to do along the h-file, but their position is still rather passive.} Ke7 {One more risky decision. The king is getting vulnerable now.} (19... Nh4+ 20. Bxh4 Rxh4 21. Kg3 Rh8 22. Rh1 Ke7 23. Rxh8 Rxh8 24. Rd1 Rd8 25. Ng5 $14) 20. Rh1 ({Another possible move was} 20. Nxd5+ $5 cxd5 21. Nc3 c6 (21... d4 22. Na4 f6 23. Nxb6 axb6 24. exf6+ Kxf6 25. f5 $14) 22. Rh1 {White's pieces are somewhat more active, so Black is under pressure. For instance,} Bc7 23. Ne2 f6 24. e6 $14) 20... Bd4 21. Nxd5+ cxd5 22. Nc3 (22. Ng5 $5 Rxh1 (22... Bxb2 23. Rxh8 Nxh8 24. Rb1 Bd4 25. f5 $16) 23. Rxh1 Rh8 24. Rd1 Be3 25. Kf3 d4 26. Ne4 $14) 22... Bxc3 23. bxc3 {Black has been able to simplify matters and damage White's pawn structure, but the poor placement of theg6 and vulnerablity of his king make the position very dangerous.} Kd7 24. f5 Ne7 25. Rae1 $6 {Spoiling the lion's share of his advantage.} ({A much more energetic and stronger move would be} 25. Rhf1 $1 Nc8 (25... Rde8 26. Rad1 Kc8 27. c4 $1 $16 dxc4 $140 28. e6 fxe6 29. fxe6 Nc6 30. Rf7 $18) 26. e6+ fxe6 27. fxe6+ Kc6 28. Rf7 Nd6 29. Rxg7 Rdg8 30. Rxg8 Rxg8 31. Kf3 $16) 25... Rde8 26. Kf3 $6 {Mistakes rarely come alone!} ({The precise} 26. Bf4 {would keep Black under pressure:} Rxh1 27. Rxh1 Nc6 28. Rh7 Rg8 29. Kf3 $14) 26... Rxh1 27. Rxh1 Nc6 {Now it is obvious, that the  is misplaced on f3.} 28. Re1 {Alas, leaving the open file is the only way to fight for a win now.} ({Indeed, after} 28. Rh7 Nxe5+ {Black manages to solve all his problems:} 29. Bxe5 (29. Kf4 f6 30. Rxg7+ Re7 $11) 29... Rxe5 30. Rxg7 Ke7 $11) 28... g5 {An interesting move - now White has less space for the pieces.} ({Another possibility was} 28... Na5 29. g5 Nc4 30. Kg4 b6 31. g6 fxg6 32. e6+ Ke7 33. Bh4+ Kd6 $11) 29. a4 a6 30. Kg2 ({Another, more aggressive way of handling the position was} 30. c4 $5 dxc4 (30... Nd4+ 31. Kf2 Nxc2 32. Rd1 d4 33. Rd2 Nb4 34. Rxd4+ Kc8 35. Kf3 $14) 31. Rd1+ Ke7 32. Ke4 $44 {obtaining excellent compensation for a pawn.}) 30... Kc8 31. Kf2 b6 32. Kf3 Kd7 {It is very difficult for either side to make any progress now.} 33. Kf2 Kc8 34. Re3 $6 {For some reason, Vishy deviates from repeating the moves, but letting Black put the knight on c4 is a serious mistake.} (34. Kf3 $11) 34... Na5 $1 {Suddenly White finds himself in a difficult situation.} 35. Re1 (35. e6 fxe6 36. fxe6 Rf8+ 37. Kg2 Nc4 38. Re1 Re8 39. Bf2 Kd8 40. Be3 Rg8 $17) 35... Nc4 36. Kf3 Kd7 $6 {This natural move seems to be inaccurate, though the refutation isn't trivial...} (36... a5 {was stronger} {and if} 37. Rh1 {then} Nxe5+ 38. Bxe5 Rxe5 39. Rh7 Re7 40. Rh5 b5 {and the a-passer should decide the game:} 41. Rxg5 bxa4 42. f6 Re6 43. Rxd5 Rxf6+ 44. Ke3 Kb7 $19) 37. Kg2 $6 ({It was the right moment for liquidating into a rook ending at the cost of a pawn:} 37. Rh1 $1 Nxe5+ 38. Bxe5 Rxe5 39. Rh5 Re4 40. Rxg5 Rxa4 41. Rh5 {with sufficient counterplay.}) 37... a5 38. Kf2 $2 {The waiting strategy isn't a successful approach here.} ({The active way of defending was more to the point:} 38. Rh1 $1 Nxe5 39. Rh7 b5 $1 (39... Kd8 40. Bxe5 Rxe5 41. Rxf7 Re2+ 42. Kf3 Rxc2 43. Rg7 Rxc3+ 44. Kf2 $11) 40. axb5 a4 41. Bxe5 Rxe5 42. Rxf7+ Re7 43. Rf6 Re4 44. Kf3 {White's position seems difficult here, but the limited material balance offers definite drawing chances.}) 38... c6 39. Kg2 b5 40. Rb1 Rh8 $2 {Returning the favour.} ({There was no reason for rejecting} 40... Nxe5 41. axb5 Nxg4 {and Black should be able to convert the extra pawn into the full point. For instance,} 42. b6 Ne3+ 43. Kf3 g4+ 44. Kf4 f6 45. Bf2 Kc8 46. b7+ Kb8 47. Kg3 a4 48. Ra1 Re4 $19) 41. Bf2 $1 {Vishy doesn't miss the golden opportunity to activate his bishop.} Nxe5 ({White is doing OK also after} 41... Rb8 42. Bd4 Kc7 43. Kg3 $132 bxa4 $140 $2 44. Rxb8 Kxb8 45. e6 fxe6 46. f6 $18) 42. axb5 Nxg4 ({The b-passer offers White sufficient counterplay after} 42... Nc4 43. b6 Rb8 44. Bc5 Rb7 45. Ra1 $11) 43. bxc6+ Kxc6 44. Bd4 Re8 45. Kg3 {Now all White's pieces are perfectly placed.} Ne5 ({Nor was anything promised by} 45... Re4 46. Rb6+ Kc7 47. Ra6 Ne3 48. Bxe3 Rxe3+ 49. Kg4 Rxc3 50. Kxg5 Rxc2 51. Rxa5 Kd6 52. Ra7 d4 53. Kf4 $11) 46. Rb6+ Kc7 47. Rf6 Kd7 ({Or} 47... a4 48. Bxe5+ Rxe5 49. Rxf7+ Kb6 50. Rf6+ Kb5 51. Rf8 $11) 48. Bxe5 Rxe5 49. Kg4 ({There was nothing wrong with} 49. Rxf7+ Re7 50. Rf6 $11) 49... Ke7 50. Kxg5 {There is no way to avoid a draw now.} Re1 (50... Re3 51. Ra6 f6+ 52. Kg4 Rxc3 53. Rxa5 $11) 51. Ra6 f6+ 52. Kg4 Rg1+ 53. Kf4 Rf1+ 54. Kg4 Rg1+ 55. Kf4 Rf1+ 56. Kg4 1/2-1/2

[Event "London Classic 7th"]
[Site "London"]
[Date "2015.12.10"]
[Round "6"]
[White "Giri, Anish"]
[Black "Carlsen, Magnus"]
[Result "1/2-1/2"]
[WhiteElo "2778"]
[BlackElo "2850"]
[PlyCount "105"]
[EventDate "2015.12.04"]
[EventType "tourn"]
[EventRounds "9"]
[EventCountry "ENG"]
[EventCategory "22"]
[SourceTitle "CBM 170"]
[Source "ChessBase"]
[SourceDate "2016.01.15"]
[SourceVersion "1"]
[SourceVersionDate "2016.01.15"]
[SourceQuality "1"]

1. e4 e5 2. Nf3 Nc6 3. Bb5 a6 4. Ba4 Nf6 5. O-O Be7 6. Re1 b5 7. Bb3 O-O 8. d4 d6 9. c3 Bg4 10. Be3 exd4 11. cxd4 Na5 12. Bc2 Nc4 13. Bc1 c5 14. b3 Nb6 15. Nbd2 Rc8 16. Bb2 Nfd7 17. Qb1 g6 18. h3 Bxf3 19. Nxf3 cxd4 20. Nxd4 Bf6 21. Qd1 $146 ({RR} 21. Re2 Ne5 22. Qe1 Nbd7 23. Rd1 Qb6 24. f4 Nc6 25. Qf2 Rfe8 26. e5 dxe5 27. Nxc6 Qxc6 28. Be4 Qc7 29. Rc2 Qd8 30. Rcd2 Rc7 31. f5 g5 32. Ba3 Be7 33. Bd6 Nf6 34. Bxc7 Qxc7 35. Rc2 Qb8 {Schroeder,J (2568)-Neiksans,A (2568) Germany 2021 0-1 (59)}) ({RR} 21. Re2 Ne5 22. Qe1 Nbd7 23. Rd1 Qb6 24. f4 Nc6 25. Qf2 Rfe8 26. e5 dxe5 27. Nxc6 Qxc6 28. Be4 Qc7 29. Rc2 Qd8 30. Rcd2 Rc7 31. f5 g5 32. Ba3 Be7 33. Bd6 Nf6 34. Bxc7 Qxc7 35. Rc2 Qb8 {Schroeder,J (2568)-Neiksans,A (2568) Germany 2021 0-1 (59)}) 21... Ne5 22. Rc1 Bg5 23. Rb1 Nbd7 24. Rf1 Bf6 25. Rc1 Qb6 26. Bb1 Rxc1 27. Bxc1 Nd3 28. Qxd3 Bxd4 29. Bh6 Rc8 30. Qe2 Nf8 31. g3 Ne6 32. Kg2 Bg7 33. Be3 Bd4 34. Bd2 Qd8 35. Rc1 Rxc1 36. Bxc1 Qf6 37. a4 bxa4 38. bxa4 Nc5 39. a5 Bc3 40. Ba3 Bxa5 41. Bxc5 dxc5 42. Bd3 Bc3 43. Bxa6 Bd4 44. Bc4 Kg7 45. h4 Qb6 46. h5 Qf6 47. Ba2 gxh5 48. f4 Qg6 49. Kh3 f5 50. exf5 Qxf5+ 51. Kg2 Kh6 52. Qe6+ Qxe6 53. Bxe6 1/2-1/2

[Event "Qatar Masters op"]
[Site "Doha"]
[Date "2015.12.21"]
[Round "2"]
[White "Aravindh, Chithambaram VR"]
[Black "Carlsen, Magnus"]
[Result "0-1"]
[WhiteElo "2486"]
[BlackElo "2834"]
[Annotator "Sagar,Shah"]
[PlyCount "74"]
[EventDate "2015.12.20"]
[EventType "swiss"]
[EventRounds "9"]
[EventCountry "QAT"]
[SourceTitle "CBM 170"]
[Source "ChessBase"]
[SourceDate "2016.01.15"]
[SourceVersion "1"]
[SourceVersionDate "2016.01.15"]
[SourceQuality "1"]

1. e4 {Aravindh is famed in the Indian chess circuits for his unorthodox openings. But against the World Champion he decides to play it safe with 1.e4.} c5 2. b3 $5 {Well, so much for the well trodden paths! The 16-year-old had beaten Alexei Shirov with 1.b3 a year ago. This time he tries to catch a bigger fish with that move but of course 1.e4 c5 2.b3 is quite different from 1.b3.} g6 $5 {After the game I had an opportunity to do an interview with Magnus Carlsen. He said that he had considered playing this line with White but did not like this 2...g6 move. And hence he played it with Black. This is the same line recommended by Peter Heine Nielsen in his book "Experts against the Anti-Sicilians."} 3. Bb2 Nf6 4. e5 Nd5 {Here Aravindh sank into deep thought. He was of course out of theory and wanted to clarify the position as much as he could. There is a chance that the e5-pawn will become weak and hence he decides to advance the pawn.} 5. e6 $6 (5. d4 Qa5+ 6. Qd2 Qxd2+ 7. Nxd2 cxd4 8. Ngf3 Bg7 $11 {might be a better way for White to play, but I think Black has absolutely no problems in this position as well.}) (5. Bc4 Nb6 6. e6 f6 7. exd7+ Bxd7 $15) 5... f6 $1 {Of course this is forced and the move f6 looks pretty unusual but the point is that White is going to take on d7 and that would mean that all his moves with the e-pawn have been sort of wasted.} 6. exd7+ Qxd7 {The e-pawn has made four moves and exchanged itself for the d7 pawn which hadn't moved even once in the game.} ({RR} 6... Bxd7 7. Nc3 Nxc3 8. Bxc3 e5 9. Qe2 Qe7 10. g3 Bg7 11. Bg2 Nc6 12. O-O-O O-O-O 13. f4 Nd4 14. Bxd4 cxd4 15. fxe5 fxe5 16. Be4 Qa3+ 17. Kb1 Kb8 18. c3 Be6 19. Qb5 Rd7 20. Nf3 Qd6 21. Rhe1 {Vasilescu,A (1695)-Filev,G (2230) Craiova ROU 2025 0-1}) 7. Nc3 Nc6 8. Bb5 $146 ({RR} 8. Nf3 Bg7 9. Nxd5 Qxd5 10. Bc4 Qe4+ 11. Be2 e5 12. O-O Be6 13. Ba3 b6 14. Ng5 Qf5 15. Nxe6 Qxe6 16. Ba6 f5 17. Bb2 Rd8 18. Re1 Kf8 19. d3 Bf6 20. Bc4 Qd6 21. g4 fxg4 22. Qxg4 Kg7 {Yilmazyerli,M (2320)-Soysal,S (2025) Antalya 2013 1-0 (35)}) ({RR} 8. g3 Qe6+ 9. Qe2 Nd4 10. Qxe6 Bxe6 11. O-O-O Nb4 12. Nb5 O-O-O 13. Nxd4 cxd4 14. a3 Bd5 15. f3 Nc6 16. Bh3+ Kb8 17. Rf1 e5 18. Bg2 Bh6 19. h4 Na5 20. Rf2 d3 21. Bc3 Nc6 22. f4 Bxg2 {Riefner,E (2248)-Tiemann,C (2263) Germany 2010 0-1 (40)}) 8... Nc7 9. Bxc6 Qxc6 $15 {Black already has the bishop pair and the possibility to establish a strong centre with e5. He is clearly better. One would assume that the World Champion would win quite easily from this point onwards. After all it is not every day that you get a good solid edge as Black after just nine moves against a grandmaster. But the 16-year-old Aravindh doesn't give up easily.} 10. Qf3 Bd7 11. O-O-O e5 12. Qxc6 Bxc6 13. f3 Ne6 14. Nge2 Be7 15. Rhf1 b5 16. Rde1 Kf7 17. Nd1 a5 {Things are going excellently for Black as he slowly but steadily builds up his position. White has nothing much that he can do than to wait and hope for the opponent to go wrong. The last move a5 although not bad was not really necessary. The pawn could have been more useful on a6 to defend the b5-pawn.} 18. Ne3 Bd6 $6 {Magnus played his  to d6 in order to defend his e5-pawn and prepare f5. The problem with this move is that the bishop is a little exposed on d6 and can be hit in the future with the moves c4 or e4.} (18... Rhe8 {was much better.}) 19. Nc3 h5 $6 (19... a4 {was necessary to stop White from going a4.} 20. bxa4 b4 $1 21. Ne4 (21. Nc4 $2 bxc3 22. Nxd6+ Ke7 $19) 21... Be7 22. Ng4 Nd4 23. f4 $132) 20. a4 $1 {Securing the c4-square for the knight.} b4 (20... bxa4 21. Nc4 Be7 22. Nxa4 $11) 21. Ne4 Bc7 22. Nc4 {Suddenly things are not at all clear. White has an excellent square for his knight on c4 and the Black pawns, which were once very strong, now look like targets.} h4 23. g4 (23. f4 $6 Bxe4 24. Rxe4 exf4 $17) 23... hxg3 24. hxg3 Rh3 25. g4 {[%cal Rg4g5]} (25. f4 $5 {Trying to open the position could have been a possible option.} exf4 26. gxf4 Bxe4 27. Rxe4 $13) 25... Rd8 $2 {A gross miscalculation by the World Champion. If one were to ask what is it that White is threatening here, it is easy to see that the move is g4-g5. Carlsen overlooks that and allows White to gain the advantage.} (25... g5 $1 $17 {makes the position quite static and slowly Black should be able to increase his edge especially since he controls the h-file.}) 26. g5 $1 Bxe4 (26... f5 27. Bxe5 $1 $18) 27. fxe4 Nf4 (27... Nxg5 28. Bxe5 Bxe5 29. Nxe5+ Kg7 30. Nc4 $14 {is surely a slight edge for White.}) 28. gxf6 $14 {The pawn cannot be taken because of xf4. Isn't it surprising that from a completely better position, Carlsen drifted into a worse position in a matter of ten moves. As Magnus said after the game, all that was left now was to try and trick his opponent before the 40th move as the Indian was under grave time pressure.} Ke6 29. Ne3 (29. d3 g5 30. f7 Rf8 31. Rg1 Kf6 32. Kd1 Rxf7 33. Bc1 Rg7 34. Rg4 Rh4 35. Ne3 $14 {was a possible way to continue the game when White has a pleasant position thanks to the more compact pawn structure.}) 29... g5 30. Nd5 (30. d3 $14) 30... Bd6 31. Rg1 Rg8 32. Rg4 $6 Rh4 $1 33. Rgg1 (33. Rxh4 gxh4 $17) 33... g4 34. Ne3 g3 {The position has changed a bit in the last few moves and White has lost his edge.} 35. Nf5 Rhh8 $1 {The rook comes back to defend the f8-square and stop the f-pawn from queening. So to f7, the g8- can safely move up without worry about the f8-square.} (35... Rh3 36. f7 Kxf7 37. Nxd6+ $18) 36. f7 (36. f7 Rg4 $1 {and the rook on h8 controls the f8-square.}) (36. Rxg3 Ne2+ $1 37. Rxe2 Rh1+ $19) 36... Rg6 37. Kd1 g2 {And here Aravindh's flag fell. Most probably the position is already lost as ...h3 winning an exchange is coming up. An interesting game where Magnus was once again put under some strong pressure by his opponent who was rated 300 points below him. But this was the last game in the tournament where Magnus faced any problems. His next seven games were just great and he was able to win the second edition of the Qatar Masters.} 0-1

[Event "Qatar Masters op"]
[Site "Doha"]
[Date "2015.12.23"]
[Round "4"]
[White "Duda, Jan Krzysztof"]
[Black "Carlsen, Magnus"]
[Result "0-1"]
[WhiteElo "2663"]
[BlackElo "2834"]
[Annotator "Sagar,Shah/CB Website"]
[PlyCount "84"]
[EventDate "2015.12.20"]
[EventType "swiss"]
[EventRounds "9"]
[EventCountry "QAT"]
[SourceTitle "CBM 170"]
[Source "ChessBase"]
[SourceDate "2016.01.15"]
[SourceVersion "1"]
[SourceVersionDate "2016.01.15"]
[SourceQuality "1"]

1. e4 c5 2. Nf3 d6 3. d4 cxd4 4. Nxd4 Nf6 5. Nc3 a6 6. Be2 e5 7. Nb3 Be7 8. Bg5 Nc6 9. Qd3 Nb4 $5 $146 {This move was made quite quickly by Magnus and hence he was clearly prepared.} 10. Qd2 h6 11. Bxf6 Bxf6 12. Nd5 $146 (12. a3 {is met by} Bg5 13. Qd1 Nc6 14. O-O Be6 15. Qd3 O-O 16. Rad1 $11 {and White has a much better position than what happened in the game.}) ({RR} 12. a3 Bg5 13. Qd1 Nc6 14. Bg4 Be6 15. h4 Bf6 16. g3 Qc7 17. Bf3 Ne7 18. Qd2 O-O-O 19. O-O-O Kb8 20. Kb1 Qc8 21. Qe2 h5 22. Rd2 g6 23. Qd1 Qc7 24. Nc1 Bg7 25. Qe1 f5 26. exf5 gxf5 {Vera Siguenas,D (2535)-Leiva Rodriguez,J (2427) Florianopolis 2017 0-1 (54)}) ({RR} 12. Nb5 Nxc2+ 13. Qxc2 axb5 14. Bxb5+ Ke7 15. Bc4 Be6 16. Bxe6 fxe6 17. O-O Qd7 18. Rfd1 Rhc8 19. Qe2 Ra4 20. a3 Rac4 21. g3 Qa4 22. Qd3 R8c6 23. Rac1 b5 24. h4 Kf7 25. Qf3 Kg8 26. Rb1 Bd8 {Fluvia Poyatos,J (2463)-Asis Gargatagli,H (2529) Barcelona 2019 ½-½ (36)}) 12... Nxd5 13. Qxd5 Qc7 14. O-O-O Be7 15. Kb1 Be6 16. Qd3 O-O $15 {Black has a very pleasant position due to the following reasons:  1. He has the bishop pair. Although the bishop on e7 is not particularly great it can be activated either on g5 or after White plays f4 it can be strong on the a1-h8 diagonal.  2. The d5-square is weak, however the knight on b3 is at least three moves away from it and cannot really take advantage of it.  3. And last but not least Black has a clear plan of attack on the queenside with b5-b4, a5-a4. White also can push his pawns down the board but somehow he lacks the firepower in that zone.} 17. f4 exf4 18. Nd4 Bd7 19. Rhf1 Bf6 20. Rxf4 Be5 {The bishop on e5 is really strong now.} 21. Rff1 Rac8 22. c3 b5 23. Nf3 Be6 24. Nd4 Bc4 25. Qf3 b4 $1 {White's king position is slowly but surely getting ripped open whereas White has not yet started his play on the kingside.} 26. cxb4 Qb6 $1 27. Bxc4 Rxc4 28. Nc2 Rfc8 {The f7 pawn is not really so important as the king can hide safely on f7. Yet it made sense to take the pawn and then play d2.} 29. Rd2 (29. Qxf7+ Kh8 30. Rd2 Qc6 31. Qf2 Qxe4 (31... a5 {was played by Magnus in the game.}) 32. Re2 $14 {and White should defend this position and might well be slightly better.}) 29... Qc6 (29... Qc7 $1) 30. Qxf7+ Kh8 31. Qf2 a5 32. a3 $2 (32. bxa5 {is a computer move but it looks extremely scary and I won't be surprised if there is a mate somewhere around the corner.} Rb8 33. b3 Rc3 $40) 32... axb4 33. Nxb4 Qxe4+ 34. Ka2 Rxb4 $1 35. axb4 Ra8+ 36. Kb3 Rb8 37. Ka2 Qxb4 {The queen, rook and bishop combine to launch a winning attack against the white king.} 38. Rc1 Qa4+ 39. Kb1 Qe4+ 40. Rcc2 Bxb2 41. Qf3 Qe1+ 42. Rd1 Bd4+ (42... Bd4+ 43. Kc1 Be3+ {with a winning position. A fine game by Magnus Carlsen who had very little difficulty in crushing his talented young opponent.}) 0-1